El prejuicio racial en Puerto Rico / (Record no. 103541)
[ view plain ]
| 000 -LEADER | |
|---|---|
| campo de control de longitud fija | 00790nam a2200241 i 4500 |
| 001 - NÚMERO DE CONTROL | |
| campo de control | 103541 |
| 003 - IDENTIFICADOR DE NÚMERO DE CONTROL | |
| campo de control | ES-MaACL |
| 005 - FECHA Y HORA DE LA ÚLTIMA TRANSACCIÓN | |
| campo de control | 20250803063054.0 |
| 007 - CAMPO FIJO DE DESCRIPCIÓN FÍSICA--INFORMACIÓN GENERAL | |
| campo de control de longitud fija | t| |
| 008 - DATOS DE LONGITUD FIJA--INFORMACIÓN GENERAL | |
| campo de control de longitud fija | 030204s1948 pr ||||1| spa d |
| 080 ## - NÚMERO DE LA CLASIFICACIÓN DECIMAL UNIVERSAL | |
| Número de la Clasificación Decimal Universal | 323.12(=96:729.5) |
| 100 1# - ENTRADA PRINCIPAL--NOMBRE DE PERSONA | |
| Nombre de persona | Blanco, Tomás, |
| Fechas asociadas al nombre | 1896-1975 |
| Término indicativo de función/relación | Autor |
| 9 (RLIN) | 29209 |
| 245 13 - MENCIÓN DEL TÍTULO | |
| Título | El prejuicio racial en Puerto Rico / |
| Mención de responsabilidad, etc. | Tomás Blanco |
| 250 ## - MENCION DE EDICION | |
| Mención de edición | 2ª ed. |
| 260 ## - PUBLICACIÓN, DISTRIBUCIÓN, ETC. | |
| Lugar de publicación, distribución, etc. | San Juan de Puerto Rico : |
| Nombre del editor, distribuidor, etc. | Biblioteca de Autores Puertorriqueños, |
| Fecha de publicación, distribución, etc. | [1948] |
| 300 ## - DESCRIPCIÓN FÍSICA | |
| Extensión | VII, 82 páginas ; |
| Dimensiones | 18 cm |
| 650 #4 - PUNTO DE ACCESO ADICIONAL DE MATERIA--TÉRMINO DE MATERIA | |
| Término de materia o nombre geográfico como elemento de entrada | Discriminación racial- |
| Subdivisión geográfica | Puerto Rico |
| 9 (RLIN) | 11935 |
| 650 #4 - PUNTO DE ACCESO ADICIONAL DE MATERIA--TÉRMINO DE MATERIA | |
| Término de materia o nombre geográfico como elemento de entrada | Personas negras- |
| Subdivisión geográfica | Puerto Rico |
| 9 (RLIN) | 15516 |
| 852 ## - LOCALIZACIÓN | |
| Ubicación | ES-MaACL |
| Sublocalización o colección | R.137379 |
| Ubicación en estantería | Depósito 2 |
| Número de control de estantería | C-56820 |
| 942 ## - ELEMENTOS DE ENTRADA SECUNDARIOS (KOHA) | |
| Fuente del sistema de clasificación o colocación | Clasificación decimal universal |
| Tipo de ítem Koha | Libro impreso |
| Suprimir en OPAC | No |
| Estatus retirado | Estado de pérdida | Estado de daño | No para préstamo | Biblioteca de origen | Biblioteca actual | Ubicación en estantería | Fecha de adquisición | Fuente de adquisición | Total de préstamos | Signatura topográfica completa | Código de barras | Visto por última vez | Precio de reemplazo | Tipo de ítem Koha |
|---|---|---|---|---|---|---|---|---|---|---|---|---|---|---|
| Biblioteca del Ateneo de Madrid | Biblioteca del Ateneo de Madrid | Depósito 2 | 17/01/2008 | C-56820 | 1108108 | 23/02/2023 | 23/02/2023 | Libro impreso |
